00466 2200181 4500001002100000005001500021035002000036008004100056245004700097100001600144250000600160260004100166300002900207084001400236082000800250650001400258990001200272INLIS00000000000004320240502103039 a0010-0424000019240502 0 ind 1 aAdakah Tarawih Yang Bid'ah ? /cBuya Yahya aYahya, Buya a1 aCirebon :bPustaka Al- Bahjah,c2016 a112 hlm ;c10 cm x 14 cm a200 BUY a a200 4aNon Fiksi a0737338